00507nam a2200157 i 450000100060000000300090000600500170001500700030003200800410003510000240007624500750010026000440017530000210021950000750024085200340031532834ES-MaACL20230906154638.0t|030131s1971 sp ||||1| spa d1 aBenito Ruano, Eloy.10aRentas del Colegio "San Gregorio" de Oviedo / cpor Eloy Benito Ruano. aOviedo : b[s.n., c1971] (f"La Cruz") a11 p. ; c24 cm. aEs separata de: Boletín del Instituto de Estudios Asturianos, n. 75. aES-MaACLj2094-F-10 bR.91132